Una Perspectiva en la Filosofía de Spengler / (Record no. 15185)

000 -CABECERA
fixed length control field 01091nam a22002057a 4500
003 - IDENTIFICADOR DEL NÚMERO DE CONTROL
control field AR-CdUCM
008 - DATOS DE LONGITUD FIJA--INFORMACIÓN GENERAL
fixed length control field 190313b ||||| |||| 00| 0 spa d
040 ## - FUENTE DE LA CATALOGACIÓN
Agencia/entidad que catalogó originalmente la obra MUNICIPALIDAD PROVINCIAL DEL CUSCO
Entidad que transcribió la catalogación BIBLIOTECA MUNICIPAL DEL CUSCO
082 ## - NÚMERO DE LA CLASIFICACIÓN DECIMAL DEWEY
No. de Clasificación C / 100 /
Notacion interna A83
100 ## - ENTRADA PRINCIPAL--NOMBRE DE PERSONA
Nombre Personal Astete Abrill, Antonio M.
245 ## - MENCIÓN DE TÍTULO
Título Una Perspectiva en la Filosofía de Spengler /
260 ## - PUBLICACIÓN, DISTRIBUCIÓN, ETC.
Lugar de publicación, distribución, etc. Perú :
Nombre de la editorial, distribuidor, etc. H.G Rozas S.A ,
Fecha de publicación, distribución, etc. 1955.
300 ## - DESCRIPCIÓN FÍSICA
Nº de Páginas Extensión 315 páginas ;
Dimensiones 25.3 cm.
505 ## - NOTA DE CONTENIDO CON FORMATO
Nota de contenido formateada Contenido : Una filosofia afilosofica -- Los fundamentos del profetismo Historico de Splenger -- El Sentido de los Números -- La Problematica Fundamental de la Filosofia de la Historia -- La Condicion Simbolica de la Impresion del Universo -- El Alma y la vida -- El formalismo simbolico de la ciencia -- El hombre en el Mundo -- Vida Agraria y Vid aUrbana -- Problemas Principales de la Cultura Arabica -- Los pueblos y sus mutaciones Organicas...
650 ## - PUNTO DE ACCESO ADICIONAL DE MATERIA--TÉRMINO DE MATERIA
Descriptor Afilosofía
9 (RLIN) 17141
650 ## - PUNTO DE ACCESO ADICIONAL DE MATERIA--TÉRMINO DE MATERIA
Descriptor Filosofía Simbólica
9 (RLIN) 17142
650 ## - PUNTO DE ACCESO ADICIONAL DE MATERIA--TÉRMINO DE MATERIA
Descriptor La morfologiá de la sociedad
9 (RLIN) 17143
942 ## - ELEMENTOS DE PUNTO DE ACCESO ADICIONAL (KOHA)
Fuente de clasificación
Tipo de item Libros-BMC
945 ## - PROCESAMIENTO DE INFORMACIÓN LOCAL (OCLC)
Catalogador wfj
Holdings
Estado de retiro (separado) Fuente de clasificación o esquema de estanterías Estado dañado Ubicación Sala donde se ubica Nombre de la colección Fecha de adquisición o compra Costo, precio normal en soles Signatura topográfica Código de Barras Última vez visto (Koha) Tipo de ítem (Koha)
No     Sala Cusco Antiguo Sala Cusco Antiguo Book Cart 2019-04-26 40.00 C / 100 / A83 SCA0003396 2019-04-26 Libros-BMC

Powered by Koha